| 000 | 00467nam a22001337a 4500 | ||
|---|---|---|---|
| 003 | OSt | ||
| 005 | 20250912124547.0 | ||
| 008 | 250912b |||||||| |||| 00| 0 eng d | ||
| 040 | _cKMU | ||
| 100 |
_aBanda, Mathias _eFisheries and Aquaculture |
||
| 245 |
_aAwareness and perception by secondary pupils, teachers and school administrators on fisheries and aquaculture in Zambia: _bA case study of Lusaka/ _cMathias Banda |
||
| 260 |
_aChinsali: _bKMU, _c2018. |
||
| 942 |
_cPR _n0 |
||
| 999 |
_c2216 _d2216 |
||